Visualizzazione normale
Vista MARC
- Truffaut Francois
di Personal Name
Records bibliografici associati: 1
001 - CONTROL NUMBER
- control field: 40250
003 - CONTROL NUMBER IDENTIFIER
- control field: IT-RoPau
005 - DATE AND TIME OF LATEST TRANSACTION
- control field: 20151126145407.0
008 - FIXED-LENGTH DATA ELEMENTS
- fixed length control field: 151126|| aca||aabn | a|a d
040 ## - CATALOGING SOURCE
- Original cataloging agency: IT-RoPau
- Transcribing agency: IT-RoPau
100 ## - HEADING--PERSONAL NAME
- Personal name: Truffaut Francois
- Relator term: (regista)
- Miscellaneous information: Codice regista SPICS: 318
670 ## - SOURCE DATA FOUND
- Source citation: Work cat.: (IT-RoPau)105233: Truffaut Francois Codice regista SPICS: 318 40246, BACI RUBATI BACI RUBATI (Rif. Codice opera principale : H4788)